| 000 | 00529nam a22001817a 4500 | ||
|---|---|---|---|
| 003 | OSt | ||
| 005 | 20140310181717.0 | ||
| 008 | 130124t xxu||||| |||| 00| 0 eng d | ||
| 020 | _a9780821374078 | ||
| 050 |
_aHF 1008 _b.B88 2010 |
||
| 245 |
_aBusiness regulation and economic performance / _cNorman V. Loayza and Luis Serven, editors. |
||
| 260 |
_aWashington, DC : _bWorld Bank, _cc2010. |
||
| 300 |
_axiii, 274 p. : _bill. ; _c23 cm. |
||
| 521 | _aBSBA | ||
| 526 | _c1210L-1700L | ||
| 942 |
_2lcc _cBK _kFOR |
||
| 999 |
_c1821 _d1821 |
||